000 00257nam a2200109Ia 4500
008 190216s9999||||xx |||||||||||||| ||und||
100 _aAsees V A A
245 0 _aAmbilikala
260 _bAmina Book Stall
650 _aMalayalam Novel-Malayalam
942 _cBK
999 _c24286
_d24286